00569 a2200145 450000100040000000500170000400800410002100300150006204000400007724500640011726400490018130000160023050501490024610000280039522620260407155414.0260407a2010 arg spa dAR-UNSa-BCEJYS aAR-UNSa-BCEJYSbspacAR-UNSa-BCEJYS10aAportes efectuados a la Cátedra de Contabilidad Pública 1aSalta :bUniversidad Nacional de Saltac2010 av. 2c21 cm aEl Vol. 1 contiene: 1. Demandar el cumplimiento de la Constitución Nacinal 2. Una profecía cumplida 3. Algo sobre el control 4. Pre Proyecto1 aWierna, Gustavo Enrique